Normal view
MARC view
- García Madruga, Juan Antonio,
Entry Nombre Personal
001 - NUMERO DE CONTROL
- campo de control: 37166
003 - IDENTIFICADOR DE NUMERO DE CONTROL
- campo de control: UPN
005 - FECHA Y HORA DE LA ÜLTIMA TRANSACCIÓN
- campo de control: 20210219194522.0
008 - DATOS DE LONGITUD FIJA
- campo de control de longitud fija: nabaccnnaabn|||||||||| b |nc|||||d
035 ## - NUMERO DE CONTROL
- Número de control: UPN11000009273
040 ## - FUENTE DE CATALOGACIÓN
- Lenguaje de catalogación: SPA
- Agencia de transcripción: UPN
100 1# - ENCABEZAMIENTO - NOMBRE PERSONAL
- Nombre personal: García Madruga, Juan Antonio,
- Fechas asociadas con el nombre: 1948-
670 ## - FUENTE EN LA QUE SE LOCALIZARON DATOS
- Cita de la fuente: LC/P
680 ## - NOTA PUBLICA DE ACCESO PÚBLICO
- Encabezamiento o subdivisión: Nació en León, España, es catedrático de Psicología Evolutiva de la Universidad Nacional de Educación a Distancia (UNED). Sus áreas de investigación incluyen la comprensión lectora y la memoria operativa y, aparte de los trabajos publicados en publicaciones propios de su campo, sus artículos y ensayos han sido publicados en revistas como la Revista de Occidente.
902 ## - CATALOGADOR
- Catalogador: MITM/080615
